<?xml version="1.0" encoding="UTF-8"?>
<record
    xmlns:xsi="http://www.w3.org/2001/XMLSchema-instance"
    xsi:schemaLocation="http://www.loc.gov/MARC21/slim http://www.loc.gov/standards/marcxml/schema/MARC21slim.xsd"
    xmlns="http://www.loc.gov/MARC21/slim">

  <leader>01235nam0a2200277   4500</leader>
  <controlfield tag="001">RU\NLR\BIBL_A\011517821</controlfield>
  <controlfield tag="005">20250626083018.0</controlfield>
  <datafield tag="010" ind1=" " ind2=" ">
    <subfield code="a">978-5-7696-3730-8</subfield>
    <subfield code="9">2000</subfield>
  </datafield>
  <datafield tag="035" ind1=" " ind2=" ">
    <subfield code="a">(NLR Aleph) 011517821</subfield>
  </datafield>
  <datafield tag="090" ind1=" " ind2=" ">
    <subfield code="a">12081378</subfield>
    <subfield code="c">12081378</subfield>
  </datafield>
  <datafield tag="100" ind1=" " ind2=" ">
    <subfield code="a">20171108d2012    |||y0rusy50      ca</subfield>
  </datafield>
  <datafield tag="101" ind1="0" ind2=" ">
    <subfield code="a">rus</subfield>
  </datafield>
  <datafield tag="102" ind1=" " ind2=" ">
    <subfield code="a">RU</subfield>
  </datafield>
  <datafield tag="105" ind1=" " ind2=" ">
    <subfield code="a">y   z   000 y</subfield>
  </datafield>
  <datafield tag="200" ind1="1" ind2=" ">
    <subfield code="a">&#x418;&#x439;&#x44D; &#x442;&#x44B;&#x43B; &#x443;&#x43E;&#x43D;&#x43D;&#x430; &#x441;&#x430;&#x43D;&#x430;&#x430; &#x43A;&#x4AF;&#x4AF;&#x4BB;&#x44D;</subfield>
    <subfield code="e">&#x430;&#x43D;&#x430;&#x43B; &#x442;&#x430;&#x4BB;&#x430;&#x430;&#x440;&#x44B;&#x44B; &#x2116; 16</subfield>
    <subfield code="f">"&#x418;&#x439;&#x44D; &#x442;&#x44B;&#x43B;" &#x43A;&#x4E9;&#x4A5;&#x4AF;&#x43B; &#x442;&#x4AF;&#x43C;&#x441;&#x4AF;&#x4AF;, &#x41D;&#x430;&#x446;. &#x43E;&#x441;&#x43A;&#x443;&#x43E;&#x43B;&#x430;&#x43D;&#x44B; &#x4E9;&#x439;&#x4AF;&#x4AF;&#x440; &#x424;&#x43E;&#x43D;&#x434;&#x430;</subfield>
    <subfield code="g">[&#x445;&#x43E;&#x43C;&#x443;&#x439;&#x430;&#x43D; &#x43E;&#x4A5;&#x43E;&#x440;&#x434;&#x43E;: &#x422;. &#x418;. &#x41F;&#x435;&#x442;&#x440;&#x43E;&#x432;&#x430;]</subfield>
  </datafield>
  <datafield tag="210" ind1=" " ind2=" ">
    <subfield code="a">&#x414;&#x44C;&#x43E;&#x43A;&#x443;&#x443;&#x441;&#x430;&#x439;</subfield>
    <subfield code="c">&#x411;&#x438;&#x447;&#x438;&#x43A;</subfield>
    <subfield code="d">2012</subfield>
  </datafield>
  <datafield tag="215" ind1=" " ind2=" ">
    <subfield code="a">60,[1] &#x441;.</subfield>
    <subfield code="d">19</subfield>
  </datafield>
  <datafield tag="300" ind1=" " ind2=" ">
    <subfield code="a">&#x41D;&#x430; &#x442;&#x438;&#x442;. &#x43B;. &#x442;&#x430;&#x43A;&#x436;&#x435;: &#x41E;&#x43B;&#x443;&#x43D;&#x43D;&#x44C;&#x443; 13 &#x43A;&#x4AF;&#x43D;&#x44D; - &#x421;. &#x410;. &#x41D;&#x43E;&#x432;&#x433;&#x43E;&#x440;&#x43E;&#x434;&#x43E;&#x432; &#x442;&#x4E9;&#x440;&#x4E9;&#x4E9;&#x431;&#x4AF;&#x442; &#x43A;&#x4AF;&#x43D;&#x44D;, &#x441;&#x430;&#x445;&#x430; &#x442;&#x44B;&#x43B;&#x44B;&#x43D; &#x43A;&#x4AF;&#x43D;&#x44D;</subfield>
  </datafield>
  <datafield tag="541" ind1="1" ind2=" ">
    <subfield code="a">&#x420;&#x43E;&#x434;&#x43D;&#x43E;&#x439; &#x44F;&#x437;&#x44B;&#x43A; &#x438; &#x441;&#x438;&#x43B;&#x430; &#x434;&#x443;&#x445;&#x430;</subfield>
    <subfield code="z">rus</subfield>
  </datafield>
  <datafield tag="606" ind1="1" ind2=" ">
    <subfield code="a">&#x42F;&#x43A;&#x443;&#x442;&#x441;&#x43A;&#x438;&#x439; &#x44F;&#x437;&#x44B;&#x43A;</subfield>
    <subfield code="x">&#x41F;&#x440;&#x435;&#x43F;&#x43E;&#x434;&#x430;&#x432;&#x430;&#x43D;&#x438;&#x435;</subfield>
    <subfield code="x">&#x421;&#x440;&#x435;&#x434;&#x43D;&#x44F;&#x44F; &#x448;&#x43A;&#x43E;&#x43B;&#x430;</subfield>
    <subfield code="9">2176068</subfield>
    <subfield code="3">RU\NLR\auth-onl\66373</subfield>
  </datafield>
  <datafield tag="686" ind1="1" ind2=" ">
    <subfield code="a">&#x427;426.151</subfield>
  </datafield>
  <datafield tag="702" ind1=" " ind2="1">
    <subfield code="a">&#x41F;&#x435;&#x442;&#x440;&#x43E;&#x432;&#x430;</subfield>
    <subfield code="b">&#x422;. &#x418;.</subfield>
    <subfield code="g">&#x422;&#x430;&#x43C;&#x430;&#x440;&#x430; &#x418;&#x432;&#x430;&#x43D;&#x43E;&#x432;&#x43D;&#x430;</subfield>
    <subfield code="4">220</subfield>
  </datafield>
  <datafield tag="852" ind1=" " ind2=" ">
    <subfield code="a">NLR</subfield>
    <subfield code="b">&#x41E;&#x41D;&#x41B;</subfield>
    <subfield code="j">&#x42F;&#x43A;&#x443;&#x442;./2-3515</subfield>
  </datafield>
  <datafield tag="942" ind1=" " ind2=" ">
    <subfield code="c">BOOK</subfield>
  </datafield>
  <datafield tag="980" ind1=" " ind2=" ">
    <subfield code="a">NB</subfield>
  </datafield>
  <datafield tag="995" ind1=" " ind2=" ">
    <subfield code="5">2017-11-08</subfield>
    <subfield code="b">NLR01</subfield>
    <subfield code="c">NLR01</subfield>
    <subfield code="e">ONL</subfield>
    <subfield code="f">1-1453688</subfield>
    <subfield code="k">&#x41E;&#x41D;&#x41B; &#x42F;&#x43A;&#x443;&#x442;./2-3515</subfield>
    <subfield code="o">0</subfield>
    <subfield code="r">BOOK</subfield>
    <subfield code="s">_23515</subfield>
  </datafield>
</record>
